Famous Landmarks in the USA - Statistics

General Stats
  • This quiz has been taken 95 times
    27 since last reset
  • The average score is 7 of 15
Answer Stats
Hint Answer % Correct
New York City Statue of Liberty
85%
Arizona Grand Canyon
73%
Los Angeles Hollywood
65%
Seattle Space Needle
65%
San Antonio Alamo
62%
Chicago Willis Tower
58%
Idaho, Wyoming, Montana Yellowstone
54%
Alaska Denali
42%
St Louis Gateway Arch
35%
Colorado Rocky Mountains
35%
Eastern California Yosemite
35%
Nevada and Arizona Hoover Dam
27%
Minneapolis Mall of America
8%
Nashville Hermitage
4%
Springfield (Illinois) Lincoln's Home
4%
No matching quizzes found
Score Distribution
Percent of People with Each Score
Percentile by Number Answered
Your Score History
You have not taken this quiz since the last reset